| 000 | 00444nam a22001457a 4500 | ||
|---|---|---|---|
| 005 | 20240306111749.0 | ||
| 008 | 240306b ||||| |||| 00| 0 eng d | ||
| 040 | _cAL | ||
| 041 | _aeng | ||
| 082 |
_223 _a658.3 _bPERS |
||
| 245 | _aPersonnel Management Practices with Special Reference to Training a Case Study of Corporation Bank | ||
| 260 |
_aMangalore _bSt Aloysius College _c1997 |
||
| 700 |
_aNAIR (Kailash V) _9153188 |
||
| 942 |
_2ddc _cPRO |
||
| 999 |
_c230088 _d230088 |
||